Países anfitriones de la Copa Mundial de la FIFA - Muerte súbita - Estadísticas

Estadísticas generales
  • Esta prueba ha sido intentada 5.216 veces
  • La puntuación promedio es 15 de 22
Answers on the Grid
Answers color-coded by a green-red scale on the quiz's grid according to % correct below.
Alemania
Arabia Saudita
Argentina
Australia
Bélgica
Brasil
Canadá
Catar
Chile
China
Colombia
Corea del Norte
Corea del Sur
Egipto
Emiratos Árabes Unidos
Escocia
España
Estados Unidos
Francia
Grecia
India
Inglaterra
Irán
Irlanda
Italia
Jamaica
Japón
Marruecos
México
Noruega
Nueva Zelanda
Países Bajos
Perú
Portugal
Rusia
Sudáfrica
Suecia
Suiza
Turquía
Uruguay
 
Estadísticas de respuestas
Respuesta % Correcto
1974, 2006 Alemania
95%
1950, 2014 Brasil
88%
1978 Argentina
87%
2022 Catar
84%
1982, 2030 España
78%
1994, 2026 Estados Unidos
76%
1938, 1998 Francia
75%
1934, 1990 Italia
74%
1966 Inglaterra
73%
1970, 1986, 2026 México
73%
2002 Corea del Sur
68%
2010 Sudáfrica
68%
2018 Rusia
67%
1930 Uruguay
65%
2002 Japón
64%
2026 Canadá
59%
1962 Chile
55%
1958 Suecia
50%
2034 Arabia Saudita
46%
1954 Suiza
41%
2030 Marruecos
40%
2030 Portugal
39%
No se encontraron pruebas coincidentes
Distribución de puntuación
Porcentaje de gente con cada puntuación
Porcentaje por número respondido
Historial de tus puntuaciones
No has intentado esta prueba.